[Event "Moehnesee Cup-A 37th"]
[Site "Moehnesee"]
[Date "2011.09.04"]
[Round "6"]
[White "Jesse, Ingemars"]
[Black "Neukoetter, Max"]
[Result "1-0"]
[WhiteElo "2270"]
[BlackElo "1988"]
[PlyCount "43"]
[EventDate "2011.09.01"]
[EventType "swiss"]
[EventRounds "7"]
[EventCountry "GER"]
[SourceTitle "EXT 2013"]
[Source "ChessBase"]
[SourceDate "2012.11.22"]
[SourceVersion "1"]
[SourceVersionDate "2012.11.22"]
[SourceQuality "1"]

1. Nf3 c5 2. g3 Nc6 3. d4 cxd4 4. Nxd4 e5 5. Nxc6 bxc6 6. Bg2 Bc5 7. 0-0 Ne7 8. c4 0-0 9. Nc3 Rb8 10. Ne4 Bd4 11. e3 Bb6 12. Nd6 Qc7 13. b3 Bc5 14. Ne4 Bb4 15. a3 d5 16. axb4 dxe4 17. Bxe4 f5 18. Bg2 Rd8 19. Qc2 a6 20. Bb2 Bb7 21. Bc3 Rd7 22. Ra5 1-0

[Event "Moehnesee Cup-A 37th"]
[Site "Moehnesee"]
[Date "2011.09.04"]
[Round "7"]
[White "Neukoetter, Max"]
[Black "Schumacher, Olaf"]
[Result "0-1"]
[WhiteElo "1988"]
[BlackElo "2219"]
[PlyCount "50"]
[EventDate "2011.09.01"]
[EventType "swiss"]
[EventRounds "7"]
[EventCountry "GER"]
[SourceTitle "EXT 2013"]
[Source "ChessBase"]
[SourceDate "2012.11.22"]
[SourceVersion "1"]
[SourceVersionDate "2012.11.22"]
[SourceQuality "1"]

1. e4 Nf6 2. e5 Nd5 3. d4 d6 4. c4 Nb6 5. exd6 cxd6 6. Nc3 g6 7. Bg5 Bg7 8. Qd2 Nc6 9. Bh6 Bxd4 10. Nf3 Bc5 11. a3 a5 12. Rd1 f6 13. Be2 Be6 14. Qf4 g5 15. Qe4 Qc8 16. Bd3 Bg4 17. Bg7 f5 18. Qe2 Rg8 19. Nd5 Rxg7 20. Nf6+ Kf8 21. Nxg4 fxg4 22. Nd2 Nd4 23. Qe4 Qe6 24. 0-0 Qxe4 25. Nxe4 a4 0-1

[Event "Lippe Cup 06th"]
[Site "Lieme"]
[Date "2009.10.16"]
[Round "1"]
[White "Neukoetter, Max"]
[Black "Kopp, Daniel"]
[Result "1-0"]
[WhiteElo "1989"]
[BlackElo "1741"]
[PlyCount "89"]
[EventDate "2009.10.16"]
[EventType "swiss"]
[EventRounds "5"]
[EventCountry "GER"]
[SourceTitle "EXT 2012"]
[Source "ChessBase"]
[SourceDate "2011.11.24"]
[SourceVersion "1"]
[SourceVersionDate "2011.11.24"]
[SourceQuality "1"]

1. e4 e5 2. Nf3 Nc6 3. Bb5 a6 4. Ba4 Nf6 5. 0-0 b5 6. Bb3 Be7 7. Re1 d6 8. h3 Na5 9. c3 Nxb3 10. axb3 Bb7 11. d3 c5 12. Nbd2 0-0 13. Nf1 h6 14. Ng3 Nh7 15. Nf5 Bc8 16. g4 Bxf5 17. gxf5 Ng5 18. Kh2 Nxf3+ 19. Qxf3 Bg5 20. Bxg5 Qxg5 21. Rg1 Qf6 22. Qe3 Kh7 23. Ra5 Rfc8 24. Rga1 Qd8 25. Rxa6 Rxa6 26. Rxa6 Ra8 27. Ra3 b4 28. cxb4 cxb4 29. Ra7 Rxa7 30. Qxa7 Qg5 31. Qxf7 Qf4+ 32. Kg2 Qg5+ 33. Kf3 Qf4+ 34. Ke2 Qc1 35. f6 Qc2+ 36. Ke3 Qc1+ 37. Kf3 Qg5 38. Qxg7+ Qxg7 39. fxg7 Kxg7 40. Ke3 Kf6 41. f4 h5 42. f5 d5 43. exd5 Kxf5 44. d4 h4 45. d6 1-0

[Event "NRW-ch U16"]
[Site "Kranenburg"]
[Date "2008.03.28"]
[Round "6"]
[White "Neukoetter, Max"]
[Black "Kartsev, Alexandr"]
[Result "0-1"]
[WhiteElo "1824"]
[BlackElo "1789"]
[PlyCount "120"]
[EventDate "2008.03.24"]
[EventType "swiss"]
[EventRounds "7"]
[EventCountry "GER"]
[SourceTitle "EXT 2009"]
[Source "ChessBase"]
[SourceDate "2008.11.26"]
[SourceVersion "1"]
[SourceVersionDate "2008.11.26"]
[SourceQuality "1"]

1. e4 d5 2. exd5 Nf6 3. Bb5+ Bd7 4. Bc4 b5 5. Bb3 Bg4 6. f3 Bc8 7. a4 b4 8. c4 c6 9. d4 cxd5 10. c5 a5 11. Bc2 Ba6 12. Bd3 Bxd3 13. Qxd3 Nc6 14. Ne2 g6 15. Bf4 Bg7 16. Qe3 0-0 17. h4 Re8 18. Bh2 e5 19. dxe5 d4 20. Qd3 Nxe5 21. Bxe5 Rxe5 22. 0-0 Rxc5 23. Nd2 Nh5 24. g3 Qe7 25. Nc4 Nxg3 26. Nxg3 Qc7 27. Nd6 Rc6 28. Nge4 Be5 29. Nb5 Qd8 30. f4 Bg7 31. Ng5 Qd7 32. Nf3 Qg4+ 33. Kf2 Qxf4 34. Rae1 Rf6 35. Re4 Qh2+ 36. Ke1 Qxb2 37. Rf2 Qa1+ 38. Qd1 Qxd1+ 39. Kxd1 Rc8 40. Rxd4 Rfc6 41. Rdd2 Rc1+ 42. Ke2 Ra1 43. Nd6 Rc7 44. Ng5 Re7+ 45. Kd3 Bc3 46. Rde2 Rd1+ 47. Kc4 Rxe2 48. Rxe2 Rxd6 49. Re8+ Kg7 50. Ne4 Rd4+ 51. Kc5 f5 52. Nxc3 Rxh4 53. Nd5 b3 54. Kb5 Rd4 55. Nc3 b2 56. Kxa5 Rc4 57. Nb1 Rc1 58. Na3 Ra1 59. Re7+ Kh6 60. Rb7 Rxa3 0-1

[Event "NRW-ch U16"]
[Site "Kranenburg"]
[Date "2008.03.27"]
[Round "5"]
[White "Van der Valk, Niklas"]
[Black "Neukoetter, Max"]
[Result "1/2-1/2"]
[WhiteElo "1871"]
[BlackElo "1824"]
[PlyCount "41"]
[EventDate "2008.03.24"]
[EventType "swiss"]
[EventRounds "7"]
[EventCountry "GER"]
[SourceTitle "EXT 2009"]
[Source "ChessBase"]
[SourceDate "2008.11.26"]
[SourceVersion "1"]
[SourceVersionDate "2008.11.26"]
[SourceQuality "1"]

1. c4 Nf6 2. g3 d5 3. cxd5 Qxd5 4. Nf3 Bg4 5. Bg2 Nc6 6. Nc3 Qd7 7. Qb3 Rb8 8. Ng5 e6 9. 0-0 h6 10. Nge4 Nxe4 11. Bxe4 Nd4 12. Qd1 Bb4 13. f3 Bh3 14. Rf2 Bf5 15. e3 Bxc3 16. dxc3 Bxe4 17. Qxd4 Qxd4 18. cxd4 Bc6 19. e4 Rd8 20. Be3 f5 21. exf5 1/2-1/2

[Event "GER-chT U16"]
[Site "Uelzen"]
[Date "2007.12.28"]
[Round "3.1"]
[White "Lichmann, Peter"]
[Black "Neukoetter, Max"]
[Result "1-0"]
[WhiteElo "2324"]
[BlackElo "1936"]
[PlyCount "85"]
[EventDate "2007.12.27"]
[EventType "team-swiss"]
[EventRounds "7"]
[EventCountry "GER"]
[SourceTitle "EXT 2022"]
[Source "ChessBase"]
[SourceDate "2021.10.06"]
[SourceVersion "1"]
[SourceVersionDate "2021.10.06"]
[SourceQuality "1"]
[WhiteTeam "Werder Bremen U16"]
[BlackTeam "Paderborn U16"]
[WhiteTeamCountry "GER"]
[BlackTeamCountry "GER"]

1. d4 Nf6 2. c4 g6 3. Nc3 d5 4. Nf3 Bg7 5. Bg5 c6 6. e3 0-0 7. Be2 Bf5 8. Qb3 dxc4 9. Qxb7 Qb6 10. Qxb6 axb6 11. Bxc4 Nbd7 12. 0-0 c5 13. h3 h6 14. Bf4 cxd4 15. exd4 g5 16. Be3 Rac8 17. Ba6 Rc7 18. a4 e6 19. Rfc1 Ra8 20. Bb5 Rac8 21. Ne5 Nxe5 22. dxe5 Nd5 23. Nxd5 Rxc1+ 24. Rxc1 Rxc1+ 25. Bxc1 exd5 26. f4 gxf4 27. Bxf4 Bf8 28. Be3 Bc5 29. Bxc5 bxc5 30. g4 Bc8 31. Kf2 h5 32. gxh5 Bxh3 33. Bc6 d4 34. Bb7 c4 35. a5 c3 36. bxc3 dxc3 37. Ke3 Bf1 38. a6 Bxa6 39. Bxa6 c2 40. Kd2 c1Q+ 41. Kxc1 Kg7 42. Kd2 Kh6 43. Bc4 1-0

[Event "GER-chT U16"]
[Site "Uelzen"]
[Date "2007.12.27"]
[Round "2.1"]
[White "Neukoetter, Max"]
[Black "Stitterich, Nadine"]
[Result "1-0"]
[WhiteElo "1936"]
[BlackElo "1745"]
[PlyCount "163"]
[EventDate "2007.12.27"]
[EventType "team-swiss"]
[EventRounds "7"]
[EventCountry "GER"]
[SourceTitle "EXT 2022"]
[Source "ChessBase"]
[SourceDate "2021.10.06"]
[SourceVersion "1"]
[SourceVersionDate "2021.10.06"]
[SourceQuality "1"]
[WhiteTeam "Paderborn U16"]
[BlackTeam "Stuttgart Wolfbusch U16"]
[WhiteTeamCountry "GER"]
[BlackTeamCountry "GER"]

1. e4 e5 2. Nf3 Nc6 3. Bb5 a6 4. Ba4 Nf6 5. 0-0 d6 6. h3 Be7 7. Re1 0-0 8. c3 b5 9. Bb3 Bb7 10. d4 exd4 11. cxd4 Na5 12. Bc2 c5 13. d5 Nd7 14. b3 Bf6 15. e5 Nxe5 16. Nxe5 Bxe5 17. Qd3 g6 18. Nc3 b4 19. Rxe5 dxe5 20. Ne4 Bxd5 21. Qxd5 Qxd5 22. Nf6+ Kg7 23. Nxd5 Nc6 24. Be3 Nd4 25. Bxd4 exd4 26. Bd3 a5 27. Rd1 Rac8 28. Nb6 Rc7 29. Re1 Rb8 30. Na4 Kf6 31. Kf1 h5 32. Rc1 Rbc8 33. Bc4 Rd8 34. Bd3 Rdc8 35. Ke2 Ke7 36. Nb6 Rd8 37. Nc4 Ra8 38. f4 Ke6 39. Kf3 Kf6 40. g4 hxg4+ 41. hxg4 Rh8 42. g5+ Kg7 43. Kg3 Re8 44. Kf3 Rh8 45. Kg3 Re8 46. Ne5 Ra8 47. Be4 Re8 48. Bd5 Rec8 49. f5 gxf5 50. Kf4 f6 51. gxf6+ Kxf6 52. Rh1 Kg7 53. Rg1+ Kf6 54. Rg6+ Ke7 55. Re6+ Kf8 56. Kxf5 Kg7 57. Rg6+ Kh7 58. Nf7 Rf8 59. Kf6 Rfxf7+ 60. Bxf7 Rc6+ 61. Kg5 Rc7 62. Bg8+ Kh8 63. Bc4 Rd7 64. Rh6+ Kg7 65. Rh3 Re7 66. Rh2 Re3 67. Rd2 Kf8 68. Kf4 Kg7 69. Kf5 Kf8 70. Kf6 Rf3+ 71. Ke5 Ke7 72. Kd5 Rf5+ 73. Kc6 Kf6 74. Kb5 Kg5 75. Rg2+ Kh4 76. Kxa5 Re5 77. Re2 Rg5 78. Kb5 Kg3 79. Re6 Kf2 80. Rc6 d3 81. Bxd3 c4+ 82. Kxc4 1-0

[Event "NRW-ch U16"]
[Site "Kranenburg"]
[Date "2007.04.09"]
[Round "1"]
[White "Savchenko, Aleksij"]
[Black "Neukoetter, Max"]
[Result "1-0"]
[WhiteElo "2101"]
[BlackElo "1958"]
[PlyCount "87"]
[EventDate "2007.04.09"]
[EventType "swiss"]
[EventRounds "7"]
[EventCountry "GER"]
[SourceTitle "EXT 2008"]
[Source "ChessBase"]
[SourceDate "2007.11.25"]
[SourceVersion "1"]
[SourceVersionDate "2007.11.25"]
[SourceQuality "1"]

1. d4 f5 2. g4 d6 3. gxf5 Bxf5 4. Bg2 d5 5. c4 Nf6 6. cxd5 Nbd7 7. Nc3 Nb6 8. e4 Bg4 9. Nge2 c6 10. dxc6 bxc6 11. 0-0 Qd7 12. a4 a5 13. Qb3 Rb8 14. Be3 Rb7 15. Qa2 Bh3 16. Bxh3 Qxh3 17. f3 g5 18. Ng3 h5 19. Nf5 g4 20. Qe6 Kd8 21. Nd6 exd6 22. Qxf6+ Ke8 23. Ne2 gxf3 24. Qxf3 Rg8+ 25. Kh1 Qxf3+ 26. Rxf3 Nc4 27. Bc1 Rg4 28. Nf4 h4 29. b3 Nb6 30. h3 Rg8 31. Nh5 Bg7 32. Nxg7+ Rbxg7 33. Bd2 Rg2 34. Bxa5 Nd7 35. Raf1 Rb2 36. Bc7 Ke7 37. Rf7+ Ke6 38. d5+ cxd5 39. exd5+ Kxd5 40. Rxd7 Kc6 41. Rh7 Rd2 42. Rc1+ Kd5 43. Rh6 Ke4 44. Rxd6 1-0

[Event "GER-chT U16"]
[Site "Bendorf"]
[Date "2006.12.28"]
[Round "3"]
[White "Neukoetter, Max"]
[Black "Borgmeyer, Max"]
[Result "1-0"]
[WhiteElo "1958"]
[BlackElo "1945"]
[PlyCount "78"]
[EventDate "2006.12.27"]
[EventType "team-swiss"]
[EventRounds "7"]
[EventCountry "GER"]
[SourceTitle "EXT 2008"]
[Source "ChessBase"]
[SourceDate "2007.11.25"]
[SourceVersion "1"]
[SourceVersionDate "2007.11.25"]
[SourceQuality "1"]
[WhiteTeam "Paderborn"]
[BlackTeam "Hamburg Koenigsspringer"]
[WhiteTeamCountry "GER"]
[BlackTeamCountry "GER"]

1. e4 c5 2. Nc3 Nc6 3. d3 g6 4. Be3 b6 5. g3 Bg7 6. Bg2 e6 7. Qd2 Nge7 8. Nge2 0-0 9. Bh6 d5 10. Bxg7 Kxg7 11. exd5 exd5 12. d4 Be6 13. h4 h5 14. 0-0-0 c4 15. Nf4 Rb8 16. Nxe6+ fxe6 17. Bh3 b5 18. b3 a5 19. g4 cxb3 20. cxb3 a4 21. gxh5 axb3 22. axb3 Nb4 23. hxg6 Qa5 24. Kb2 Rbc8 25. Bxe6 Rxc3 26. Qxc3 Rxf2+ 27. Rd2 Qa2+ 28. Kc1 Rxd2 29. Bf5 Nxf5 30. Qc7+ Kxg6 31. h5+ Kg5 32. Qd8+ Kf4 33. Qb8+ Ke4 34. Qe5+ Kd3 35. Qxf5+ Ke2 36. Qe5+ Kf3 37. Rh3+ Kg2 38. Qg3+ Kf1 39. Rh1+ Ke2 1-0

[Event "Bielefeld Gr4"]
[Site "Bielefeld"]
[Date "2006.06.05"]
[Round "6"]
[White "Neukoetter, Max"]
[Black "Peters, Stephan"]
[Result "1-0"]
[WhiteElo "1727"]
[BlackElo "1785"]
[PlyCount "81"]
[EventDate "2006.06.02"]
[EventType "tourn"]
[EventRounds "7"]
[EventCountry "GER"]
[SourceTitle "EXT 2007"]
[Source "ChessBase"]
[SourceDate "2006.11.23"]
[SourceVersion "1"]
[SourceVersionDate "2006.11.23"]
[SourceQuality "1"]

1. e4 e6 2. Nc3 d5 3. Nf3 Nf6 4. exd5 Nxd5 5. Nxd5 Qxd5 6. d4 c5 7. c4 Qe4+ 8. Be2 Nc6 9. dxc5 Bxc5 10. 0-0 Nd4 11. Nxd4 Qxd4 12. Qc2 0-0 13. Bd3 Qh4 14. g3 Qh3 15. Be4 e5 16. Bd2 Bd4 17. Bc3 Rd8 18. Bxd4 exd4 19. Bd5 Bf5 20. Qd2 d3 21. Bxb7 Rab8 22. Bg2 Qg4 23. b3 Rb6 24. Rfe1 Rbd6 25. Re3 Qd4 26. Rae1 h5 27. Bd5 g6 28. Re7 Rf8 29. Qh6 Rxd5 30. cxd5 d2 31. Rd1 Qb4 32. Qe3 Bh3 33. Rxd2 Qb5 34. Qe2 Qc5 35. Re3 Qc1+ 36. Qe1 Qc8 37. Qd1 Bg4 38. Qc2 Qd7 39. Qc6 Qf5 40. Qc2 Qf6 41. Qb2 1-0

[Event "Bielefeld Gr4"]
[Site "Bielefeld"]
[Date "2006.06.04"]
[Round "4"]
[White "Neukoetter, Max"]
[Black "Brinkmann, Andrea"]
[Result "1/2-1/2"]
[WhiteElo "1727"]
[BlackElo "1759"]
[PlyCount "28"]
[EventDate "2006.06.02"]
[EventType "tourn"]
[EventRounds "7"]
[EventCountry "GER"]
[SourceTitle "EXT 2007"]
[Source "ChessBase"]
[SourceDate "2006.11.23"]
[SourceVersion "1"]
[SourceVersionDate "2006.11.23"]
[SourceQuality "1"]

1. e4 d5 2. exd5 Nf6 3. Bb5+ Bd7 4. Bc4 Bf5 5. Bb5+ Bd7 6. Bxd7+ Qxd7 7. c4 c6 8. d6 Qxd6 9. d4 e5 10. Nf3 exd4 11. Qxd4 Qxd4 12. Nxd4 Bc5 13. Nb3 Bb4+ 14. Bd2 Bxd2+ 1/2-1/2

[Event "OWL-ch U14"]
[Site "Hiddenhausen"]
[Date "2005.01.02"]
[Round "1"]
[White "Neukoetter, Max"]
[Black "Femmer, Julian"]
[Result "1-0"]
[WhiteElo "1601"]
[BlackElo "1295"]
[PlyCount "77"]
[EventDate "2005.01.02"]
[EventType "swiss"]
[EventRounds "7"]
[EventCountry "GER"]
[SourceTitle "EXT 2007"]
[Source "ChessBase"]
[SourceDate "2006.11.23"]
[SourceVersion "1"]
[SourceVersionDate "2006.11.23"]
[SourceQuality "1"]

1. e4 e6 2. Nc3 d5 3. Nf3 Nf6 4. exd5 exd5 5. d4 c5 6. Bg5 cxd4 7. Qxd4 Nc6 8. Bb5 Be6 9. Bxf6 Qxf6 10. Qxf6 gxf6 11. Nd4 Rc8 12. 0-0-0 Bc5 13. Rhe1 Bxd4 14. Rxd4 0-0 15. Rd2 Rcd8 16. Kb1 Rd6 17. Ba4 a6 18. Ne4 Rdd8 19. Nxf6+ Kg7 20. Nh5+ Kg8 21. Nf4 Rd6 22. Bb3 Rfd8 23. Red1 Ne7 24. Nxe6 fxe6 25. c4 d4 26. c5 Rc6 27. Rxd4 Rxd4 28. Rxd4 Rxc5 29. Bxe6+ Kg7 30. Bg4 Nd5 31. Bf3 Nc7 32. Rd7+ Kf6 33. Rxh7 Nb5 34. Rxb7 Nd4 35. Rb6+ Kg5 36. h4+ Kf4 37. Rb4 Ke5 38. h5 Rc2 39. Rxd4 1-0

[Event "GER-chT U12"]
[Site "Verden"]
[Date "2004.12.28"]
[Round "4.1"]
[White "Quaschner, Tobias"]
[Black "Neukoetter, Max"]
[Result "0-1"]
[WhiteElo "1491"]
[BlackElo "1601"]
[PlyCount "32"]
[EventDate "2004.12.27"]
[EventType "team-swiss"]
[EventRounds "7"]
[EventCountry "GER"]
[SourceTitle "EXT 2006"]
[Source "ChessBase"]
[SourceDate "2005.11.24"]
[SourceVersion "1"]
[SourceVersionDate "2005.11.24"]
[SourceQuality "1"]

1. e4 c5 2. Nf3 Nc6 3. d4 cxd4 4. Nxd4 g6 5. Be3 Bg7 6. Nc3 Nf6 7. Bc4 0-0 8. Bb3 a5 9. f3 d5 10. Nxc6 bxc6 11. exd5 Nxd5 12. Nxd5 Bxb2 13. Rb1 a4 14. Rxb2 axb3 15. Nb6 Qxd1+ 16. Kxd1 bxa2 0-1

[Event "NRW-ch U12"]
[Site "Wolfsburg"]
[Date "2004.04.13"]
[Round "3"]
[White "Loehrke, Michael"]
[Black "Neukoetter, Max"]
[Result "0-1"]
[WhiteElo "1452"]
[BlackElo "1468"]
[PlyCount "68"]
[EventDate "2004.04.??"]
[EventType "swiss"]
[EventRounds "7"]
[EventCountry "GER"]
[SourceTitle "EXT 2005"]
[Source "ChessBase"]
[SourceDate "2004.11.15"]
[SourceVersion "1"]
[SourceVersionDate "2004.11.15"]
[SourceQuality "1"]

1. e4 c5 2. Nf3 Nc6 3. d4 cxd4 4. Nxd4 g6 5. Nc3 Bg7 6. Be3 Nf6 7. Bc4 0-0 8. 0-0 Qb6 9. Bb3 Ng4 10. Na4 Qb4 11. Nxc6 dxc6 12. Qd3 b5 13. Bd2 Qd6 14. Qxd6 exd6 15. Nc3 a5 16. a3 Re8 17. f3 Bd4+ 18. Kh1 Nf2+ 19. Kg1 Nxe4+ 20. Kh1 Nxd2 21. Rfd1 Nxb3 22. cxb3 Bxc3 23. bxc3 d5 24. Re1 Rxe1+ 25. Rxe1 Be6 26. Kg1 Kf8 27. Kf2 Re8 28. g3 d4 29. cxd4 Bxb3 30. Rc1 Bd5 31. Ra1 Bc4 32. a4 Re2+ 33. Kg1 Ra2 34. Rxa2 Bxa2 0-1

[Event "NRW-ch U12"]
[Site "Wolfsburg"]
[Date "2004.04.13"]
[Round "2"]
[White "Mazarov, Juergen"]
[Black "Neukoetter, Max"]
[Result "1-0"]
[WhiteElo "1673"]
[BlackElo "1468"]
[PlyCount "67"]
[EventDate "2004.04.??"]
[EventType "swiss"]
[EventRounds "7"]
[EventCountry "GER"]
[SourceTitle "EXT 2005"]
[Source "ChessBase"]
[SourceDate "2004.11.15"]
[SourceVersion "1"]
[SourceVersionDate "2004.11.15"]
[SourceQuality "1"]

1. e4 c5 2. Nf3 Nc6 3. d4 cxd4 4. Nxd4 g6 5. Nc3 Bg7 6. Be3 Nf6 7. f3 d5 8. Bb5 Qd6 9. exd5 Nxd5 10. Nxd5 Bd7 11. Bxc6 bxc6 12. Nc3 0-0 13. Nde2 Qe6 14. Bd4 Rfd8 15. Bxg7 Kxg7 16. Qd4+ f6 17. 0-0 Rab8 18. b3 Rb7 19. Qe4 Qf7 20. Rad1 Rc7 21. Na4 Bf5 22. Qe3 Rxd1 23. Rxd1 Bxc2 24. Rc1 Bf5 25. Nd4 Bd7 26. Nc5 e5 27. Ne2 Qd5 28. Nc3 Qd6 29. N3e4 Qe7 30. Nxd7 Qxd7 31. Nc5 Qe7 32. Qe4 f5 33. Qc4 Kf6 34. Qh4+ 1-0